000 01058nam a2200253 a 4500
001 65507
003 BD-RjUL
005 20211209081432.0
008 170307s1963 ii cfh 000 0aeng d
035 _a(BD-RjUL)65637
040 _aBD-RjUL
_cBD-RjUL
_dBD-RjUL
_beng
041 _aeng
082 _223
_a954.035092
_bGAI 1963
100 1 _aGandhi,
_d1869-1948.
_9190323
245 1 0 _aIndias̀• case for swaraj /
_cby Mahatma Gandhi. Being select speeches, writings, interviews, etcetera of Mahatma Gandhi in England 1931.Foreword by Mrs. Kamaladevi Chattopadhyaya and introduction by Syed Abdullah Brelvi.
260 _aBombay :
_bThe mohan printing press,
_c1963 ?
300 _axii, 412 p. :
_bill. ;
_c19 cm.
600 0 0 _aGandhi,
_cMahatma,
_d1869-1948.
_9193847
651 0 _aIndia
_xPolitics and government
_y1919-1947.
_9172110
700 1 _aWillingdon, Freeman Freeman-Thomas,
_c1st earl of,
_d1866-
_9190324
700 1 _aDesai, Mahadev H.
_q(Mahadev Haribhai),
_d1892-1942.
_9190325
700 1 _aKabadi, Waman P.
_eed.
_9190326
942 _2ddc
_cBK
999 _c65507
_d65507